The illusion of peace : International relations in Europe, 1918 - 1933

Balancing discussions of high politics, economics, and ethnic and nationalist rivalries, historian Marks explores the failure of the European elites to establish workable institutions to ensure the peace in the years during World War II. She argues that reluctance to decisively confront Germany and...

Πλήρης περιγραφή

Αποθηκεύτηκε σε:
Λεπτομέρειες βιβλιογραφικής εγγραφής
Κύριος συγγραφέας: Marks, Sally
Μορφή: Βιβλίο
Γλώσσα:Undetermined
Έκδοση: New York Palgrave Macmillan 2003
Θέματα:
Ετικέτες: Προσθήκη ετικέτας
Δεν υπάρχουν, Καταχωρήστε ετικέτα πρώτοι!
Thư viện lưu trữ: Trung tâm Học liệu Trường Đại học Cần Thơ
LEADER 01336nam a2200241Ia 4500
001 CTU_116397
008 210402s9999 xx 000 0 und d
020 |c 361000 
082 |a 327.094 
082 |b M345 
100 |a Marks, Sally 
245 4 |a The illusion of peace : 
245 0 |b International relations in Europe, 1918 - 1933 
245 0 |c Sally Marks 
260 |a New York 
260 |b Palgrave Macmillan 
260 |c 2003 
520 |a Balancing discussions of high politics, economics, and ethnic and nationalist rivalries, historian Marks explores the failure of the European elites to establish workable institutions to ensure the peace in the years during World War II. She argues that reluctance to decisively confront Germany and the Soviet Union as they grew stronger during the interwar years, combined with an ill-advised disarmament process and ethnic instabilities, contributed to the inevitability of war. This is a revised edition of a work first published in 1976, but Marks does not explicitly note what changes were made. 
650 |a Treaty of versailles (1919),International relations,World War, 1914-1918,World War, 1914-1918,Europe 
650 |x Reparations,Influence,Foreign relations 
650 |y 1918-1945 
904 |i Hiếu 
980 |a Trung tâm Học liệu Trường Đại học Cần Thơ